| 000 | 00399cam a2200157ua 4500 | ||
|---|---|---|---|
| 041 |
_aeng _h |
||
| 082 |
_a330 _bGEM/FU |
||
| 100 | _aGemmill, Paul F . | ||
| 245 |
_aFundamentals of economics / _cPaul F Gemmill. _hTextual Documents |
||
| 250 |
_a6 / _b. |
||
| 260 |
_aNew York : _bHaeper and Brothers Publishers , _c1960. |
||
| 300 | _a724 ; . | ||
| 504 | _a | ||
| 942 | _cBK | ||
| 999 |
_c3190 _d3190 |
||